[Event "Montreal Pere Noel op"]
[Site "Montreal"]
[Date "2023.12.30"]
[Round "4"]
[White "Brassard, Sylvain"]
[Black "Genzling, Jerome"]
[Result "0-1"]
[WhiteElo "1614"]
[BlackElo "1967"]
[PlyCount "120"]
[EventDate "2023.12.27"]
[EventType "swiss"]
[EventRounds "5"]
[EventCountry "CAN"]
[SourceTitle "CB02_2024"]
[SourceDate "2024.01.10"]
[SourceVersion "1"]
[SourceVersionDate "2024.01.10"]
[SourceQuality "1"]

1. d4 d5 2. Nf3 Nf6 3. c3 e6 4. Bf4 c5 5. e3 Nc6 6. Bd3 Be7 7. h3 0-0 8. Nbd2 c4 9. Bc2 b5 10. Ne5 Bb7 11. 0-0 b4 12. Nxc6 Bxc6 13. cxb4 Bxb4 14. a3 Be7 15. b3 cxb3 16. Nxb3 Ba4 17. Bg5 Rc8 18. Bxf6 Bxf6 19. Nc5 Bxc2 20. Qxc2 Qa5 21. Rfc1 Be7 22. Qc3 Qxc3 23. Rxc3 Rc7 24. Rac1 Rfc8 25. Na4 Rxc3 26. Rxc3 Rxc3 27. Nxc3 a6 28. a4 Kf8 29. Kf1 Ke8 30. Ke2 Kd7 31. Kd3 Bb4 32. Kc2 Kd6 33. Kb3 Ba5 34. Kc2 h5 35. Kd3 e5 36. dxe5+ Kxe5 37. Ne2 Be1 38. f3 h4 39. Nd4 g5 40. Nc2 Ba5 41. Nd4 Bb6 42. Nc6+ Kd6 43. Nb4 a5 44. Nc2 Ke5 45. Na3 f5 46. Ke2 Kd6 47. Kd3 Bc5 48. Nb5+ Ke5 49. Nc3 Bxe3 50. Kxe3 d4+ 51. Kd3 dxc3 52. Kxc3 Kf4 53. Kc4 Kg3 54. Kb5 Kxg2 55. Kxa5 Kxh3 56. Kb5 Kg3 57. a5 h3 58. a6 h2 59. a7 h1Q 60. a8Q Qxf3 0-1

[Event "Montreal Pere Noel"]
[Site "Montreal"]
[Date "2017.12.30"]
[Round "4.11"]
[White "Robichaud, Louis"]
[Black "Brassard, Sylvain"]
[Result "1-0"]
[WhiteElo "2178"]
[BlackElo "1829"]
[PlyCount "85"]
[EventDate "2017.12.27"]
[EventType "swiss"]
[EventRounds "5"]
[EventCountry "CAN"]
[SourceTitle "EXT 2022"]
[Source "ChessBase"]
[SourceDate "2021.10.06"]
[SourceVersion "1"]
[SourceVersionDate "2021.10.06"]
[SourceQuality "1"]

1. e4 e6 2. d3 d5 3. Nd2 Nf6 4. g3 dxe4 5. dxe4 e5 6. Ngf3 Bc5 7. Bg2 0-0 8. 0-0 Nc6 9. c3 Be6 10. b4 Bd6 11. Qe2 Nd7 12. Nc4 Nb6 13. Ne3 f6 14. a3 a5 15. Bb2 Qe8 16. Nh4 Qf7 17. Nhf5 Nc4 18. Nd5 Nxb2 19. Qxb2 Bxf5 20. exf5 axb4 21. axb4 Qd7 22. Ne3 Rxa1 23. Rxa1 b6 24. Rd1 Ne7 25. Qb3+ Kh8 26. Be4 Rd8 27. Rd3 Qe8 28. Qd1 Nc8 29. Nd5 Ne7 30. Nxb6 Qb5 31. Nd5 Nxd5 32. Rxd5 Qe8 33. Qe2 Be7 34. Ra5 Qd7 35. Qc4 Bd6 36. Rb5 Qe8 37. Rb7 Rb8 38. Ra7 g5 39. fxg6 hxg6 40. Bc6 Qg8 41. Bd5 Qe8 42. b5 Qe7 43. b6 1-0

[Event "Montreal Mercredi 10"]
[Site "Montreal"]
[Date "2017.10.11"]
[Round "1"]
[White "Barko, Maxim"]
[Black "Brassard, Sylvain"]
[Result "1-0"]
[WhiteElo "1842"]
[BlackElo "1772"]
[PlyCount "47"]
[EventDate "2017.10.11"]
[EventType "swiss"]
[EventRounds "5"]
[EventCountry "CAN"]
[SourceTitle "EXT 2022"]
[Source "ChessBase"]
[SourceDate "2021.10.06"]
[SourceVersion "1"]
[SourceVersionDate "2021.10.06"]
[SourceQuality "1"]

1. d4 d5 2. c4 c6 3. Nc3 e6 4. Nf3 dxc4 5. a4 Bb4 6. Bd2 Nf6 7. e3 Bxc3 8. Bxc3 b5 9. axb5 cxb5 10. b3 Nd5 11. Ba5 Qd6 12. bxc4 bxc4 13. Bxc4 Nc6 14. Bd2 0-0 15. 0-0 a5 16. Qe2 Ncb4 17. Rfb1 Ba6 18. Bxa6 Nxa6 19. Bxa5 Nab4 20. Qd2 Nc6 21. e4 Nxa5 22. Rxa5 Rxa5 23. Qxa5 Nf6 24. e5 1-0

[Event "Montreal Mercredi 04"]
[Site "Montreal"]
[Date "2017.01.04"]
[Round "1"]
[White "Brassard, Sylvain"]
[Black "Gates, Claude Eric"]
[Result "1-0"]
[WhiteElo "1881"]
[BlackElo "1793"]
[PlyCount "95"]
[EventDate "2017.01.04"]
[EventType "swiss"]
[EventRounds "5"]
[EventCountry "CAN"]
[SourceTitle "EXT 2022"]
[Source "ChessBase"]
[SourceDate "2021.10.06"]
[SourceVersion "1"]
[SourceVersionDate "2021.10.06"]
[SourceQuality "1"]

1. d4 f5 2. g3 Nf6 3. Bg2 g6 4. Nh3 Bg7 5. 0-0 0-0 6. c4 d6 7. Nf4 Nc6 8. Nc3 a6 9. d5 Ne5 10. b3 c6 11. Bb2 Bd7 12. dxc6 bxc6 13. Na4 Ne8 14. c5 d5 15. Nxd5 cxd5 16. Qxd5+ e6 17. Qxa8 Qa5 18. Bc3 Qb5 19. Bxe5 Bxe5 20. Rad1 Nf6 21. Qf3 Nd5 22. Rxd5 Bc6 23. Qe3 exd5 24. Qxe5 Re8 25. Bxd5+ Bxd5 26. Qxd5+ Kh8 27. e3 Qe2 28. Nb6 Qxa2 29. Nd7 Kg7 30. Qd4+ Kh6 31. b4 Re4 32. Qc3 Qe6 33. Rd1 Rc4 34. Qd2 Re4 35. Nb6 Qf6 36. Nd5 Qe5 37. c6 Rc4 38. c7 Qe6 39. Rc1 Qxd5 40. Qxd5 Rxc1+ 41. Kg2 Rxc7 42. h4 Rc2 43. e4 fxe4 44. Qxe4 Ra2 45. Qe5 Ra4 46. Qc5 Ra2 47. g4 Ra4 48. Qf8# 1-0

[Event "Montreal Mercredi 08"]
[Site "Montreal"]
[Date "2016.09.21"]
[Round "4"]
[White "Brassard, Sylvain"]
[Black "Nunez, Omar"]
[Result "0-1"]
[WhiteElo "1873"]
[BlackElo "1956"]
[PlyCount "48"]
[EventDate "2016.08.31"]
[EventType "swiss"]
[EventRounds "5"]
[EventCountry "CAN"]
[SourceTitle "EXT 2022"]
[Source "ChessBase"]
[SourceDate "2021.10.06"]
[SourceVersion "1"]
[SourceVersionDate "2021.10.06"]
[SourceQuality "1"]

1. d4 d6 2. e3 g6 3. f4 Bg7 4. Bd3 f5 5. Nf3 Nf6 6. 0-0 0-0 7. b3 b6 8. Bb2 e6 9. c4 Qe7 10. Nbd2 Bb7 11. Qc2 Nc6 12. a3 Rae8 13. Rae1 e5 14. fxe5 dxe5 15. e4 f4 16. d5 Nd4 17. Nxd4 exd4 18. e5 Ng4 19. Bxd4 Ne3 20. Bxe3 fxe3 21. Rxf8+ Rxf8 22. Rxe3 Qc5 23. Nf1 Rxf1+ 24. Kxf1 Qxe3 0-1

[Event "Montreal Mercredi 08"]
[Site "Montreal"]
[Date "2016.08.31"]
[Round "1"]
[White "Rodrigue Lemieux, Shawn"]
[Black "Brassard, Sylvain"]
[Result "0-1"]
[WhiteElo "2141"]
[BlackElo "1873"]
[PlyCount "90"]
[EventDate "2016.08.31"]
[EventType "swiss"]
[EventRounds "5"]
[EventCountry "CAN"]
[SourceTitle "EXT 2022"]
[Source "ChessBase"]
[SourceDate "2021.10.06"]
[SourceVersion "1"]
[SourceVersionDate "2021.10.06"]
[SourceQuality "1"]

1. e4 Nf6 2. Nc3 d5 3. exd5 Nxd5 4. Nf3 Nxc3 5. bxc3 e6 6. d4 c5 7. Bd3 cxd4 8. cxd4 Bb4+ 9. Bd2 Qa5 10. 0-0 Bxd2 11. Qxd2 Qxd2 12. Nxd2 Nc6 13. Nf3 0-0 14. Rab1 b6 15. Rfd1 Rd8 16. Be4 Bb7 17. c4 Rab8 18. h4 h6 19. Rb2 Na5 20. Bxb7 Rxb7 21. Rc2 Rc7 22. Rdc1 Rdc8 23. Nd2 Nc6 24. Nf3 Nb4 25. Rd2 Rxc4 26. Rxc4 Rxc4 27. Kf1 Rc2 28. Rxc2 Nxc2 29. Ke2 Nb4 30. a3 Nd5 31. Ne5 Kf8 32. g3 Ke8 33. Kd3 f6 34. Nf3 g5 35. Nh2 Kd7 36. h5 f5 37. Nf3 Nf6 38. Ne5+ Kd6 39. Kc4 a6 40. Nf7+ Ke7 41. Ne5 Nxh5 42. Nc6+ Kd6 43. Nb8 f4 44. gxf4 Nxf4 45. Nxa6 Nd5 0-1

[Event "Quebec op U2000"]
[Site "Montreal"]
[Date "2016.07.29"]
[Round "8.29"]
[White "Filiatreault, Marc"]
[Black "Brassard, Sylvain"]
[Result "1-0"]
[WhiteElo "1871"]
[BlackElo "1842"]
[PlyCount "91"]
[EventDate "2016.07.23"]
[EventType "swiss"]
[EventRounds "8"]
[EventCountry "CAN"]
[SourceTitle "EXT 2022"]
[Source "ChessBase"]
[SourceDate "2021.10.06"]
[SourceVersion "1"]
[SourceVersionDate "2021.10.06"]
[SourceQuality "1"]

1. e4 Nf6 2. e5 Nd5 3. d4 d6 4. f4 dxe5 5. fxe5 Nc6 6. c3 Bf5 7. Nf3 e6 8. Bd3 Bg6 9. 0-0 Be7 10. a3 Bh5 11. Qe1 Bg6 12. Qe2 Bxd3 13. Qxd3 g5 14. c4 Nb6 15. Be3 g4 16. Ne1 f5 17. exf6 Bxf6 18. Nc2 Qe7 19. Nc3 0-0-0 20. Rad1 Ne5 21. Qe2 Nexc4 22. Bc1 Rhg8 23. Ne4 Bh8 24. b3 Nd6 25. Nc5 Rde8 26. Rde1 Rg6 27. Bb2 Nd5 28. a4 h5 29. Na3 Nf5 30. Qb5 Nd6 31. Qa5 Kb8 32. Nb5 Nc8 33. Rc1 c6 34. Na3 b6 35. Na6+ Kb7 36. Qd2 e5 37. dxe5 Kxa6 38. Qd3+ Kb7 39. Qxg6 Bxe5 40. Qxc6+ Kb8 41. Rfe1 Bxh2+ 42. Kh1 Ne3 43. Bf6 Qf8 44. Nc4 Nd6 45. Nxd6 Bxd6 46. Bg5 1-0

[Event "Montreal Mercredi 05"]
[Site "Montreal"]
[Date "2016.06.01"]
[Round "4"]
[White "Brassard, Sylvain"]
[Black "Barko, Maxim"]
[Result "0-1"]
[WhiteElo "1898"]
[BlackElo "1888"]
[PlyCount "73"]
[EventDate "2016.05.11"]
[EventType "swiss"]
[EventRounds "5"]
[EventCountry "CAN"]
[SourceTitle "EXT 2022"]
[Source "ChessBase"]
[SourceDate "2021.10.06"]
[SourceVersion "1"]
[SourceVersionDate "2021.10.06"]
[SourceQuality "1"]

1. d4 Nf6 2. c4 e6 3. g3 c5 4. d5 exd5 5. cxd5 d6 6. Bg2 g6 7. e4 Bg7 8. Ne2 0-0 9. Nbc3 Re8 10. 0-0 b5 11. Qc2 Qb6 12. f3 c4+ 13. Kh1 Na6 14. a3 Bd7 15. Nd1 Rac8 16. Be3 Qb7 17. Bf4 Qb6 18. Be3 Qb8 19. Bd4 Nc5 20. Rb1 a5 21. Nf2 Nb3 22. Bc3 b4 23. axb4 axb4 24. Be1 Ba4 25. Nc1 Nd7 26. Nxb3 Bxb3 27. Qd2 c3 28. bxc3 bxc3 29. Qe3 c2 30. Rc1 Bxd5 31. Bh3 Be6 32. Bxe6 Rxe6 33. Nd3 Qb3 34. Qe2 Ne5 35. Nb4 Rc4 36. Nxc2 Nd3 37. Na1 0-1

[Event "Montreal Mercredi 05"]
[Site "Montreal"]
[Date "2016.05.25"]
[Round "3"]
[White "Brassard, Sylvain"]
[Black "Gates, Claude Eric"]
[Result "1/2-1/2"]
[WhiteElo "1898"]
[BlackElo "1806"]
[PlyCount "42"]
[EventDate "2016.05.11"]
[EventType "swiss"]
[EventRounds "5"]
[EventCountry "CAN"]
[SourceTitle "EXT 2022"]
[Source "ChessBase"]
[SourceDate "2021.10.06"]
[SourceVersion "1"]
[SourceVersionDate "2021.10.06"]
[SourceQuality "1"]

1. b3 d5 2. Bb2 Nc6 3. e3 Nf6 4. Nf3 e6 5. Bb5 Bd7 6. 0-0 a6 7. Bxc6 Bxc6 8. d4 Be7 9. Ne5 Nd7 10. Nxc6 bxc6 11. Nd2 0-0 12. Qe2 f5 13. f3 c5 14. c3 Qe8 15. Rae1 Qh5 16. e4 fxe4 17. fxe4 Rxf1+ 18. Nxf1 Qxe2 19. Rxe2 Re8 20. exd5 exd5 21. Ba3 Kf7 1/2-1/2

[Event "Montreal Mercredi 01"]
[Site "Montreal"]
[Date "2016.01.06"]
[Round "1"]
[White "Gauthier, Luc"]
[Black "Brassard, Sylvain"]
[Result "0-1"]
[WhiteElo "1769"]
[BlackElo "1779"]
[PlyCount "70"]
[EventDate "2016.01.06"]
[EventType "swiss"]
[EventRounds "5"]
[EventCountry "CAN"]
[SourceTitle "EXT 2022"]
[Source "ChessBase"]
[SourceDate "2021.10.06"]
[SourceVersion "1"]
[SourceVersionDate "2021.10.06"]
[SourceQuality "1"]

1. e4 Nf6 2. e5 Nd5 3. d4 d6 4. c4 Nb6 5. f4 dxe5 6. fxe5 Nc6 7. Be3 Bf5 8. Nc3 e6 9. Nf3 Bg4 10. Be2 Qd7 11. Qd2 Bxf3 12. gxf3 0-0-0 13. 0-0-0 Na5 14. c5 Nbc4 15. Bxc4 Nxc4 16. Qe2 Nxe3 17. Qxe3 g6 18. Ne4 Be7 19. Rd3 Qc6 20. Rc3 Kb8 21. Rd1 Qd5 22. Rb3 Rhf8 23. Qe2 f5 24. exf6 Bxf6 25. Qa6 b6 26. cxb6 cxb6 27. Nc5 Qc6 28. Ra3 Rf7 29. Qc4 Rc7 30. Na6+ Kb7 31. Qxc6+ Rxc6+ 32. Kb1 Be7 33. Ra4 b5 34. Nb4 Rc4 35. Nc6 Rxc6 0-1